MARC details
| 000 -LEADER |
| fixed length control field |
00341nam a22000977a 4500 |
| 005 - DATE AND TIME OF LATEST TRANSACTION |
| control field |
20250901165259.0 |
| 008 - FIXED-LENGTH DATA ELEMENTS--GENERAL INFORMATION |
| fixed length control field |
210304b ||||| |||| 00| 0 eng d |
| 050 ## - LIBRARY OF CONGRESS CALL NUMBER |
| Classification number |
QC174.17.S9 |
| 245 ## - TITLE STATEMENT |
| Title |
Supersymmetry |
| Remainder of title |
proceedings of the Third Symposium on Theoretical Physics, Mt. Sorak, July 30-August 3, 1984 |
| 942 ## - ADDED ENTRY ELEMENTS (KOHA) |
| Source of classification or shelving scheme |
Library of Congress Classification |
| Classification part |
QC174.17.S9 . |